banner koha

Recomendacoes para a cultura do algodoeiro herbaceo irrigado no nordeste brasileiro (Registro n. 278143)

MARC details
000 -LÍDER
campo de controle de tamanho fixo 01028nac a22003137a 4500
001 - NÚMERO DE CONTROLE
campo de controle BR8404357
003 - IDENTIFICADOR DO NÚMERO DE CONTROLE
campo de controle BR-BrBNA
005 - DATA E HORÁRIO DA ÚLTIMA TRANSAÇÃO
campo de controle 20240105120144.0
008 - CAMPO DE DADOS FIXOS--INFORMAÇÃO GERAL
campo de controle de tamanho fixo 230509b bl.|||m| |||| 00| 0 por d
040 ## - FONTE DA CATALOGAÇÃO
Instituição da catalogação original BR-BrBNA
Idioma da catalogação por
Instituição que transcreveu o registro Biblioteca Nacional de Agricultura
072 ## - CÓDIGO DE CATEGORIA DE ASSUNTO
Código de Categoria de Assunto F01
090 ## - NÚMERO DE CHAMADA LOCAL
Número de chamada 0430 BR8404357
100 1# - ENTRADA PRINCIPAL--NOME PESSOAL
Nome pessoal Silva, M.J. da
100 1# - ENTRADA PRINCIPAL--NOME PESSOAL
Nome pessoal Holanda, A.F. de
100 1# - ENTRADA PRINCIPAL--NOME PESSOAL
Nome pessoal Jesus, F.M.M. de
100 1# - ENTRADA PRINCIPAL--NOME PESSOAL
Nome pessoal Carvalho, O.S.
100 1# - ENTRADA PRINCIPAL--NOME PESSOAL
Nome pessoal Pimentel, C.R.M.
100 1# - ENTRADA PRINCIPAL--NOME PESSOAL
Nome pessoal Guimaraes, P.M.
110 1# - ENTRADA PRINCIPAL--NOME CORPORATIVO
Nome corporativo ou nome da jurisdição Centro Nacional de Pesquisa do Algodao, Campina Grande, PB (Brasil)
9 (RLIN) 1702
245 1# - TÍTULO
Título Recomendacoes para a cultura do algodoeiro herbaceo irrigado no nordeste brasileiro
260 3# - PUBLICAÇÃO, DISTRIBUIÇÃO, ETC.
Local de publicação, distribuição, etc. Campina Grande, PB (Brasil):
Data da publicação, distribuição, etc. 1984.
300 ## - DESCRIÇÃO FÍSICA
Extensão 15 p.
490 ## - TÍTULO DA SÉRIE
Título da série Circular Tecnica - Centro Nacional de Pesquisa do Algodao (Brazil)
Número do volume ou designação sequencial da série no. 10
ISSN - International Standard Serial Number
650 ## - ASSUNTO--TERMO TÓPICO
Cabeçalho tópico ou nome geográfico ALGODAO HERBACEO
650 ## - ASSUNTO--TERMO TÓPICO
Cabeçalho tópico ou nome geográfico PRATICA CULTURAL
650 ## - ASSUNTO--TERMO TÓPICO
Cabeçalho tópico ou nome geográfico REGIAO NORDESTE
909 ## -
-- 202312
-- Lúcia Elande
-- 55
-- Lúcia Elande
942 ## - ELEMENTOS DE ENTRADA ADICIONADOS (KOHA)
Fonte da classificação ou esquema de arquivamento na estante Classificação AGRIS
Ocultar no OPAC Não
Tipo de material Koha Monografia Seriada
Exemplares
Situação do descarte Fonte da classificação ou esquema de arquivamento na estante Situação física Não pode ser emprestado Coleção Biblioteca de origem Biblioteca atual Localização na estante Total de empréstimos Número de telefone completo Código de barras Data de último acesso Tipo de material Koha Fonte de aquisição
  Classificação AGRIS       Biblioteca Nacional de Agricultura - Binagri Biblioteca Nacional de Agricultura - Binagri Agrobase - Acervo Geral   0430 BR8404357 0430 BR8404357 18/12/2023 Monografia Seriada Portaria Interministerial nº 164/94

BINAGRI

Telefone: (61)3218-2567/2388/3357/2097 - binagri@agro.gov.br

Ministério da Agricultura e Pecuária , Esplanada dos Ministérios, Bloco D, Anexo B, Brasília/DF, CEP: 70.043-900